000 00978nam a2200205Ia 4500
003 IN-BaIIA
008 211028s9999 xx s 000 0 eng d
020 _a978-1-107-19259-1 (Print)
022 _a1743-9213 (Print)
022 _a1743-9221 (Online)
040 _cIIA Library
100 _aGonzalez, G., ed.
_940731
245 0 _aEarly Results from Gravitational Wave Searches and Electromagnetic Counterparts
_h[eBook]
260 _aCambridge
_bCambridge University Press
_c2017
300 _aOnline resource
490 _aIAU Symposium; no. 338
700 _aHynes, Robert, ed.
_940732
856 _uhttps://www.cambridge.org/core/journals/proceedings-of-the-international-astronomical-union/issue/gravitational-wave-astrophysics-early-results-from-gravitational-wave-searches-and-electromagnetic-counterparts/1F039DD2202C2DB96A5E23490609C95A
_yClick Here to Access eBook
942 _cEB
999 _c22047
_d22047